Estudio a nivel de perfil del tramo de carretera de 24km, en el municipio de Pantasma, departamento de Jinotega
Presenta un estudio a nivel de perfil del tramo carretera municipio de Pantasma mediante un estudio de mercado para la determinación de la demanda, un estudio técnico en la estimación de la inversión así como un estudio para la estipulación de la rentabilidad del proyecto.
| Main Author: | |
|---|---|
| Other Authors: | |
| Format: | Tesis Section = Libro |
| Language: | Undetermined Spanish |
| Published: |
Managua
UNI
2018
|
| Subjects: |
| LEADER | 01158nam a2200277Ia 4500 | ||
|---|---|---|---|
| 008 | 240830s9999 xx 000 0 und d | ||
| 040 | |a BIBLIOTECA-RUPAP Mon 625.7 M538 | ||
| 041 | |a spa | ||
| 082 | |a Mon 625.7 M538 | ||
| 100 | 1 | |a Méndez, Manuel Edmundo | |
| 245 | 1 | 0 | |a Estudio a nivel de perfil del tramo de carretera de 24km, en el municipio de Pantasma, departamento de Jinotega |
| 260 | |a Managua |b UNI |c 2018 | ||
| 300 | |a 189 p. :il. | ||
| 500 | |a Contiene anexos y CD | ||
| 502 | |a Tesis (Ingeniero Civil)- UNI, 2018. | ||
| 520 | 3 | |a Presenta un estudio a nivel de perfil del tramo carretera municipio de Pantasma mediante un estudio de mercado para la determinación de la demanda, un estudio técnico en la estimación de la inversión así como un estudio para la estipulación de la rentabilidad del proyecto. | |
| 650 | 7 | |a CONSTRUCCION DE CARRETERAS – PROYECTOS | |
| 650 | 7 | |b CARRETERAS | |
| 650 | 7 | |c ESTUDIO DE MERCADO | |
| 650 | 7 | |d INGENIERIA DE PROYECTOS | |
| 650 | 7 | |e ESTUDIO SOCIOECONOMICO | |
| 650 | 7 | |f IMPACTO AMBIENTAL | |
| 700 | 1 | |a Tutor: |b Fonseca Chávez, Miguel Antonio | |
| 942 | |c BK |2 ddc | ||
| 991 | |a TESIS | ||
| 999 | |c 15983 | ||